Giáo trình kỹ thuật sấy nông sản thực phẩm

Gespeichert in:
Bibliographische Detailangaben
1. Verfasser: Nguyễn, Văn May
Format: Sách
Sprache:Undetermined
Veröffentlicht: Khoa học và Kỹ thuật 2004
Schlagworte:
Tags: Tag hinzufügen
Keine Tags, Fügen Sie den ersten Tag hinzu!
Thư viện lưu trữ: Trung tâm Thư viện - Trường Đại học Công nghiệp TP. Hồ Chí Minh
LEADER 00542nam a2200157Ia 4500
001 UIH_00330
008 230809s9999 xx 000 0 und d
082 |a 664.0071 
100 |a Nguyễn, Văn May 
245 0 |a Giáo trình kỹ thuật sấy nông sản thực phẩm 
245 0 |c Nguyễn, Văn May 
260 |b Khoa học và Kỹ thuật 
260 |c 2004 
650 |a Nông sản;Kĩ thuật sấy; 
927 |a Sách 
980 |a Trung tâm Thư viện - Trường Đại học Công nghiệp TP. Hồ Chí Minh